| 000 | 00435nam a22001577a 4500 | ||
|---|---|---|---|
| 020 | _qHBK. | ||
| 082 | _a658.4 | ||
| 100 | _aAshraf, Imran | ||
| 245 |
_aStrategic Management in PIA _cImran Ashraf. |
||
| 260 |
_aIslamabad : _bNBS NUST, _c2015. |
||
| 300 |
_a25 p. : _c30cm. |
||
| 650 |
_aEMBA Thesis. _917645 |
||
| 700 |
_aDr. Faisal Asghar Imam. _917787 |
||
| 942 |
_2ddc _cTHE |
||
| 999 |
_c527134 _d527134 |
||